01046 2200397 4500001002100000005001500021020002200036035002400058040001200082082001800094084001800112090001800130100001900148245009600167250001200263260003200275300003000307650003100337700002400368850001200392990001600404990001600420990001600436990001600452990001700468990001600485990001700501990001600518990001600534990001600550990001700566990001600583990001600599990001700615990001600632YOGYA00000000010043120140823125615 a978-602-8811-29-3 0010-111300000000552 aYOPDYOG 2[22]a899.223 a899.223 Ann M a899.223 Ann M aANN BRA SHARES aMy name is memory /cAnn Brashares ; Penerjemah Ambhita Dhyaningrum ; Penyunting Dhewiberta aCet. 1. aYogyakarta:bBentang,c2011 a426 hlm. :c21 cm.(3 eks) aFiksi Indonesia-Terjemahan aAmbhita Dhyaningrum aYOPDYOG a3876/B.2013 a3877/B.2013 a3878/B.2013 a3875/B.2013 a3876-PD/B.13 a3878/B.2013 a3897-PD/B.13 a3875/B.2013 a3878/B.2013 a3896/B.2013 a3897-PD/B.13 a3875/B.2013 a3878/B.2013 a3897-PD/B.13 a3896/B.2013